Welcome to CU Library Online Public Access Catalogue (OPAC)

68HC11 Microcontroller (Record no. 8344)

MARC details
000 -LEADER
fixed length control field 00485nam a22001577a 4500
005 - DATE AND TIME OF LATEST TRANSACTION
control field 20251122153810.0
008 - FIXED-LENGTH DATA ELEMENTS--GENERAL INFORMATION
fixed length control field 251122b |||||||| |||| 00| 0 eng d
020 ## - INTERNATIONAL STANDARD BOOK NUMBER
International Standard Book Number 9780132075237
050 ## - LIBRARY OF CONGRESS CALL NUMBER
Classification number TJ223 DIR
100 ## - MAIN ENTRY--PERSONAL NAME
Personal name Dirkman, Robert John
245 ## - TITLE STATEMENT
Title 68HC11 Microcontroller
Remainder of title laboratory workbook
Statement of responsibility, etc. Robert john Dirkman & John Leonard
260 ## - PUBLICATION, DISTRIBUTION, ETC.
Place of publication, distribution, etc. Englewood Cliffs, New Jersey
Name of publisher, distributor, etc. Prentice Hall
Date of publication, distribution, etc. 1996
300 ## - PHYSICAL DESCRIPTION
Extent vi. 329p.
Other physical details ill.
Dimensions 28cm
700 ## - ADDED ENTRY--PERSONAL NAME
Personal name Leonard, John
942 ## - ADDED ENTRY ELEMENTS (KOHA)
Source of classification or shelving scheme Library of Congress Classification
Koha item type Books
Suppress in OPAC No
999 ## -
-- 8344
-- 8344
Holdings
Withdrawn status Lost status Source of classification or shelving scheme Damaged status Not for loan Collection Home library Current library Shelving location Date acquired Total checkouts Full call number Barcode Date last seen Copy number Price effective from Koha item type
    Library of Congress Classification     Non-fiction Science Library (Miotso) Science Library (Miotso) General stacks 11/22/2025   TJ223 DIR SLM00006035 11/22/2025 1 11/22/2025 Books
© 2023-2024 Copyright: Central University Libraries. All Rights Reserved | Created by: Mahone Tech Office